000 00546nam a2200205 i 4500
001 bg
100 1 _aKOSTRZEWSKI, Jacek
245 0 0 _aMotorola 68000 :
_bbudowa i lista rozkazów mikroprocesora /
_cJacek Kostrzewski.
260 _aWrocław :
_b"Elektronik",
_c1991.
300 _a200 s. :
_brys. ;
_c20 cm.
504 _aBibliogr. s. 200.
650 9 _aMikroprocesor
020 _a8385133046
040 _cBPK
041 0 _apl
080 _a004.31
920 _a83-85133-04-6
942 _cKS
008 s pl f |000 0 pol
999 _c33021
_d33021
856 _uhttp://koha.tu.koszalin.pl/cgi-bin/koha/opac-detail.pl?biblionumber=33021
_yKatalog online BPK